<?xml version="1.0" encoding="UTF-8"?>
<collection xmlns="http://www.loc.gov/MARC21/slim">
 <record>
  <leader>00697pamaa2200181   4500</leader>
  <controlfield tag="001">0000022380</controlfield>
  <controlfield tag="005">20060523090000.0</controlfield>
  <datafield tag="020" ind1="0" ind2="0">
   <subfield code="a">0195634993 </subfield>
  </datafield>
  <datafield tag="082" ind1=" " ind2=" ">
   <subfield code="a">954.082 SRI 1995</subfield>
  </datafield>
  <datafield tag="090" ind1="0" ind2="0">
   <subfield code="a">DS481.S48 </subfield>
   <subfield code="b">SRI 1995</subfield>
  </datafield>
  <datafield tag="100" ind1="1" ind2="0">
   <subfield code="a">SRIVASTAVA </subfield>
  </datafield>
  <datafield tag="245" ind1="1" ind2="0">
   <subfield code="a">Lal Bahadur Shastri, prime minister of India, 9 June 1964-11 January 1966 : </subfield>
   <subfield code="b">a life of truth in politics  </subfield>
   <subfield code="c">C.P. Srivastava.</subfield>
  </datafield>
  <datafield tag="260" ind1="0" ind2="0">
   <subfield code="a">Delhi : Oxford University Press, 1995.</subfield>
  </datafield>
  <datafield tag="300" ind1=" " ind2=" ">
   <subfield code="a">xv, 448 p. : ill., maps ; 24 cm.</subfield>
  </datafield>
  <datafield tag="504" ind1="0" ind2="0">
   <subfield code="a">Includes bibliographical references (p. [434]-441) and index</subfield>
  </datafield>
  <datafield tag="600" ind1="1" ind2="0">
   <subfield code="a">Shastri, Lal Bahadur, 1904-1966</subfield>
  </datafield>
  <datafield tag="650" ind1="0" ind2="0">
   <subfield code="a">Prime ministers -- </subfield>
   <subfield code="x">Biography -- </subfield>
   <subfield code="z">India </subfield>
  </datafield>
  <datafield tag="650" ind1="0" ind2="0">
   <subfield code="a">India -- </subfield>
   <subfield code="x">Politics and government -- </subfield>
   <subfield code="y">1947- </subfield>
  </datafield>
 </record>
</collection>
